[Event "Skakliga 2007-08"]
[Site "Denmark"]
[Date "2008.01.12"]
[Round "4.2"]
[White "Ost Hansen, Jacob"]
[Black "Glud, Jakob Vang"]
[Result "0-1"]
[WhiteElo "2415"]
[BlackElo "2468"]
[PlyCount "90"]
[EventDate "2007.11.10"]
[EventType "team-tourn"]
[EventRounds "9"]
[EventCountry "DEN"]
[Source "ChessBase"]
[SourceDate "2003.11.25"]
[WhiteTeam "K41"]
[BlackTeam "Jetsmark"]
[WhiteTeamCountry "DEN"]
[BlackTeamCountry "DEN"]

1. g3 d5 2. Nf3 Nf6 3. Bg2 c6 4. b3 Bg4 5. Bb2 Nbd7 6. O-O e6 7. d3 Bc5 8. Nbd2
O-O 9. a3 a5 10. Re1 Qb6 11. d4 Be7 12. e4 dxe4 13. Nxe4 Rfd8 14. h3 Bh5 15.
Qe2 a4 16. b4 Nxe4 17. Qxe4 Qb5 18. Rac1 Qc4 19. Qe2 Nb6 20. g4 Qxe2 21. Rxe2
Nc4 22. c3 Bg6 23. Rd1 Bf6 24. Bc1 h6 25. Bf1 b5 26. Bg2 Rac8 27. h4 c5 28. g5
hxg5 29. hxg5 Be7 30. Ne5 Bh5 31. f3 cxd4 32. cxd4 Nb6 33. Kf2 Nd5 34. Rh1 g6
35. Kg3 Nc3 36. Ree1 Rxd4 37. Bh3 Bd6 38. Bb2 Rd5 39. f4 Ne2+ 40. Rxe2 Bxe2 41.
Bg4 Rxe5 42. Bxe5 Bxe5 43. fxe5 Rc3+ 44. Kh4 Bxg4 45. Kxg4 Rxa3 0-1

[Event "Skakliga 2007-08"]
[Site "Denmark"]
[Date "2008.01.12"]
[Round "4.3"]
[White "Pedersen, Christian Kyndel"]
[Black "Greger, Roland Reinhard"]
[Result "1-0"]
[WhiteElo "2406"]
[BlackElo "2359"]
[PlyCount "73"]
[EventDate "2007.11.10"]
[EventType "team-tourn"]
[EventRounds "9"]
[EventCountry "DEN"]
[Source "ChessBase"]
[SourceDate "2003.11.25"]
[WhiteTeam "Jetsmark"]
[BlackTeam "K41"]
[WhiteTeamCountry "DEN"]
[BlackTeamCountry "DEN"]

1. e4 e6 2. d4 d5 3. Nc3 Nf6 4. e5 Nfd7 5. f4 c5 6. Nf3 Nc6 7. Be3 Qb6 8. Na4
Qa5+ 9. c3 cxd4 10. b4 Nxb4 11. cxb4 Bxb4+ 12. Bd2 Bxd2+ 13. Nxd2 b6 14. Bd3
Ba6 15. Nb2 Nc5 16. Bxa6 Qxa6 17. Qe2 Qa3 18. Qb5+ Ke7 19. O-O Qe3+ 20. Rf2
Rhc8 21. Nf1 Qa3 22. Rf3 Qa5 23. Qe2 d3 24. Qd1 Qb4 25. Nxd3 Nxd3 26. Qxd3 Rc4
27. f5 Rf4 28. Rd1 Qe4 29. Rxf4 Qxf4 30. Qa3+ Ke8 31. fxe6 Qxe5 32. exf7+ Kxf7
33. Qf3+ Ke6 34. Rd2 Qg5 35. h4 Qf5 36. Rc2 Kf6 37. Qc3+ 1-0

[Event "Skakliga 2007-08"]
[Site "Denmark"]
[Date "2008.01.12"]
[Round "4.4"]
[White "Semcesen, Daniel"]
[Black "Christensen, Stefan"]
[Result "0-1"]
[WhiteElo "2293"]
[BlackElo "2308"]
[PlyCount "120"]
[EventDate "2007.11.10"]
[EventType "team-tourn"]
[EventRounds "9"]
[EventCountry "DEN"]
[Source "ChessBase"]
[SourceDate "2003.11.25"]
[WhiteTeam "K41"]
[BlackTeam "Jetsmark"]
[WhiteTeamCountry "DEN"]
[BlackTeamCountry "DEN"]

1. d4 Nf6 2. c4 e6 3. g3 Bb4+ 4. Bd2 Bxd2+ 5. Qxd2 d5 6. Bg2 O-O 7. Nf3 c5 8.
dxc5 Nbd7 9. cxd5 Nxd5 10. Nc3 Nxc5 11. Rd1 Qb6 12. Nxd5 exd5 13. O-O Be6 14.
Nd4 Ne4 15. Qc2 Rac8 16. Qb3 Qxb3 17. axb3 Rc5 18. f4 Rfc8 19. Bxe4 dxe4 20.
Kf2 Bd7 21. Rd2 Kf8 22. Rfd1 Ke8 23. Ke3 f5 24. Ra1 a5 25. Rdd1 b6 26. g4 fxg4
27. Kxe4 Rh5 28. Rg1 Rxh2 29. f5 g6 30. fxg6 hxg6 31. Rg3 Rh3 32. Rag1 Rxg3 33.
Rxg3 Ke7 34. Kf4 Kf6 35. Re3 Rh8 36. Rg3 Rh3 37. Rxh3 gxh3 38. Kg3 g5 39. b4
axb4 40. Nb3 g4 41. Nd2 b5 42. e3 Be6 43. Ne4+ Ke5 44. Nd2 Bd5 45. Kh2 Bc4 46.
Kg3 Kf5 47. Kh2 Bd3 48. Kg3 Kg5 49. Nb3 h2 50. Kxh2 Kh4 51. Nc5 g3+ 52. Kg2 Bc4
53. b3 Bf7 54. e4 Kg4 55. e5 Bd5+ 56. Kg1 Kf5 57. e6 Bxe6 58. Kg2 Bxb3 59. Nxb3
Ke4 60. Kf1 Kd3 0-1

[Event "Skakliga 2007-08"]
[Site "Denmark"]
[Date "2008.01.12"]
[Round "4.5"]
[White "Jensen, Bjarke"]
[Black "Olesen, Martin"]
[Result "1-0"]
[WhiteElo "2252"]
[BlackElo "2295"]
[PlyCount "89"]
[EventDate "2007.11.10"]
[EventType "team-tourn"]
[EventRounds "9"]
[EventCountry "DEN"]
[Source "ChessBase"]
[SourceDate "2003.11.25"]
[WhiteTeam "Jetsmark"]
[BlackTeam "K41"]
[WhiteTeamCountry "DEN"]
[BlackTeamCountry "DEN"]

1. e4 c5 2. Nf3 d6 3. d4 cxd4 4. Nxd4 Nf6 5. Nc3 g6 6. Be3 Bg7 7. f3 O-O 8. Bc4
Nc6 9. Qd2 Bd7 10. O-O-O Rc8 11. Bb3 Nxd4 12. Bxd4 b5 13. Qf2 b4 14. Ne2 Qa5
15. Kb1 a6 16. c4 bxc3 17. Bxc3 Qb5 18. g4 a5 19. g5 Qxg5 20. Bd5 Rc5 21. h4
Qh6 22. Bd2 Qh5 23. Nf4 Rxd5 24. Nxh5 Rxh5 25. Bc3 Rb8 26. e5 Bf5+ 27. Ka1 dxe5
28. Bxe5 Ra8 29. Qd4 Be6 30. f4 a4 31. a3 h6 32. Qb4 Bb3 33. Qxe7 Bxd1 34. Rxd1
Ng4 35. Rd8+ Rxd8 36. Qxd8+ Kh7 37. Bxg7 Kxg7 38. Qd4+ Nf6 39. Qxa4 Rxh4 40.
Qc6 g5 41. a4 gxf4 42. Qf3 Nh7 43. Qf2 Rg4 44. a5 f3 45. Qxf3 1-0

[Event "Skakliga 2007-08"]
[Site "Denmark"]
[Date "2008.01.12"]
[Round "4.6"]
[White "Naes, Flovin Tor"]
[Black "Rathlev, Jakob"]
[Result "1-0"]
[WhiteElo "2243"]
[BlackElo "2160"]
[PlyCount "99"]
[EventDate "2007.11.10"]
[EventType "team-tourn"]
[EventRounds "9"]
[EventCountry "DEN"]
[Source "ChessBase"]
[SourceDate "2003.11.25"]
[WhiteTeam "K41"]
[BlackTeam "Jetsmark"]
[WhiteTeamCountry "DEN"]
[BlackTeamCountry "DEN"]

1. c4 e6 2. Nc3 c5 3. Nf3 Nc6 4. g3 Nge7 5. Bg2 g6 6. d4 cxd4 7. Nxd4 a6 8. Bg5
Bg7 9. Nxc6 bxc6 10. O-O h6 11. Bf4 d5 12. cxd5 cxd5 13. e4 d4 14. e5 Rb8 15.
Ne4 Kf8 16. Nd6 g5 17. Qxd4 gxf4 18. Qxf4 Nf5 19. Rfd1 Nxd6 20. Rxd6 Qg5 21.
Qc4 Qe7 22. Qc5 Kg8 23. Qd4 f5 24. Rc1 Kh7 25. Rdc6 Rd8 26. Qc3 Bb7 27. Rc7 Rd7
28. Qa5 Bxg2 29. Kxg2 Qd8 30. b3 Rxc7 31. Qxc7 Qxc7 32. Rxc7 Rb6 33. f4 Kg8 34.
Kh3 a5 35. Kh4 a4 36. bxa4 Ra6 37. Kh5 Rxa4 38. Kg6 Bf8 39. Rc6 Rxa2 40. h4 Rg2
41. Rxe6 Rxg3+ 42. Kxf5 Kf7 43. Rf6+ Ke7 44. Ra6 Re3 45. Ra7+ Ke8 46. Ke6 Rd3
47. Ra8+ Rd8 48. Rxd8+ Kxd8 49. Kf7 Bc5 50. h5 1-0

[Event "Skakliga 2007-08"]
[Site "Denmark"]
[Date "2008.01.12"]
[Round "4.7"]
[White "Rasmussen, Henning Lau"]
[Black "Laursen, Niels Norskov"]
[Result "0-1"]
[WhiteElo "2104"]
[BlackElo "2170"]
[PlyCount "76"]
[EventDate "2007.11.10"]
[EventType "team-tourn"]
[EventRounds "9"]
[EventCountry "DEN"]
[Source "ChessBase"]
[SourceDate "2003.11.25"]
[WhiteTeam "Jetsmark"]
[BlackTeam "K41"]
[WhiteTeamCountry "DEN"]
[BlackTeamCountry "DEN"]

1. d4 Nf6 2. Nf3 c5 3. e3 g6 4. c4 Bg7 5. Be2 O-O 6. O-O b6 7. Nc3 cxd4 8. exd4
d5 9. Ne5 Bb7 10. Bf3 h6 11. Bf4 e6 12. Re1 Nc6 13. Qd2 Kh7 14. Rad1 Rc8 15. b3
Na5 16. h3 dxc4 17. Bxb7 Nxb7 18. bxc4 Na5 19. Qd3 Nd7 20. Nb5 Nxe5 21. Bxe5
Rxc4 22. Nd6 Ra4 23. Qb5 Rxa2 24. Qb1 Ra4 25. Qb5 Ra3 26. Rc1 Rb3 27. Qa6 f6
28. Bh2 e5 29. dxe5 fxe5 30. Red1 Qe7 31. Rc8 Rxc8 32. Nxc8 Qb4 33. Nxa7 Nc4
34. Bg3 Rb1 35. Rxb1 Qxb1+ 36. Kh2 Nd2 37. h4 Nf1+ 38. Kh3 Qf5# 0-1

[Event "Skakliga 2007-08"]
[Site "Denmark"]
[Date "2008.01.13"]
[Round "5.1"]
[White "Hector, Jonny"]
[Black "Nielsen, Peter Heine"]
[Result "1/2-1/2"]
[WhiteElo "2550"]
[BlackElo "2628"]
[PlyCount "107"]
[EventDate "2007.11.10"]
[EventType "team-tourn"]
[EventRounds "9"]
[EventCountry "DEN"]
[Source "ChessBase"]
[SourceDate "2003.11.25"]
[WhiteTeam "Nordkalotten"]
[BlackTeam "Helsinge"]
[WhiteTeamCountry "DEN"]
[BlackTeamCountry "DEN"]

1. d4 d5 2. Nc3 Nf6 3. Bg5 Nbd7 4. Qd3 h6 5. Bh4 e6 6. e4 dxe4 7. Nxe4 Be7 8.
Nxf6+ Bxf6 9. Bxf6 Qxf6 10. Nf3 O-O 11. Qe3 Rd8 12. Bd3 c5 13. dxc5 Qxb2 14.
O-O Qf6 15. Rfd1 Qe7 16. Be4 Nf6 17. Ne5 Qc7 18. Rxd8+ Qxd8 19. Bf3 Qc7 20. Rb1
Rb8 21. g4 Bd7 22. h4 Bc6 23. g5 hxg5 24. hxg5 Nd7 25. Nxc6 bxc6 26. Rxb8+ Nxb8
27. g6 Nd7 28. Bg2 Nf6 29. Qf3 fxg6 30. Qxc6 Qxc6 31. Bxc6 Kf7 32. Kf1 Ke7 33.
Ke2 g5 34. Kd3 Ng4 35. Ke2 Kd8 36. Bg2 e5 37. Bf3 Nf6 38. Kd3 Kc7 39. Kc4 g4
40. Bd1 Ne4 41. Bxg4 Nxf2 42. Be6 g5 43. Kd5 e4 44. Ke5 g4 45. Kf4 Kc6 46. Bxg4
Nxg4 47. Kxg4 Kxc5 48. Kg3 Kd4 49. Kf2 a5 50. a4 Kc3 51. Ke3 Kxc2 52. Kxe4 Kb3
53. Kd3 Kxa4 54. Kc2 1/2-1/2

[Event "Skakliga 2007-08"]
[Site "Denmark"]
[Date "2008.01.13"]
[Round "5.2"]
[White "Berg, Emanuel"]
[Black "Brynell, Stellan"]
[Result "0-1"]
[WhiteElo "2580"]
[BlackElo "2452"]
[PlyCount "82"]
[EventDate "2007.11.10"]
[EventType "team-tourn"]
[EventRounds "9"]
[EventCountry "DEN"]
[Source "ChessBase"]
[SourceDate "2003.11.25"]
[WhiteTeam "Helsinge"]
[BlackTeam "Nordkalotten"]
[WhiteTeamCountry "DEN"]
[BlackTeamCountry "DEN"]

1. e4 e6 2. d4 d5 3. Nc3 Nf6 4. Bg5 Be7 5. e5 Nfd7 6. h4 c5 7. Bxe7 Qxe7 8. Nb5
O-O 9. Nc7 cxd4 10. Nxa8 f6 11. Qxd4 fxe5 12. Qd2 Nf6 13. f3 Nc6 14. O-O-O Qd6
15. g4 Bd7 16. h5 Rxa8 17. g5 Ne8 18. Rh4 Qc5 19. Bd3 Nd6 20. Nh3 Rf8 21. Nf2
Rxf3 22. Ng4 e4 23. Be2 Nc4 24. Bxc4 Qxc4 25. b3 Qc5 26. Kb2 d4 27. h6 e5 28.
g6 hxg6 29. hxg7 Qc3+ 30. Qxc3 dxc3+ 31. Ka3 Nd4 32. Kb4 Bxg4 33. Rxg4 Nxc2+
34. Ka4 Kxg7 35. Rxe4 Rf4 36. Rxf4 exf4 37. Rc1 Ne3 38. Rxc3 g5 39. Rc7+ Kf6
40. Rxb7 f3 41. Rb8 Nf5 0-1

[Event "Skakliga 2007-08"]
[Site "Denmark"]
[Date "2008.01.13"]
[Round "5.3"]
[White "Kristensen, Kaare Hove"]
[Black "Schandorff, Lars"]
[Result "0-1"]
[WhiteElo "2318"]
[BlackElo "2525"]
[PlyCount "117"]
[EventDate "2007.11.10"]
[EventType "team-tourn"]
[EventRounds "9"]
[EventCountry "DEN"]
[Source "ChessBase"]
[SourceDate "2003.11.25"]
[WhiteTeam "Nordkalotten"]
[BlackTeam "Helsinge"]
[WhiteTeamCountry "DEN"]
[BlackTeamCountry "DEN"]

1. e4 e5 2. Nf3 Nc6 3. d4 exd4 4. Nxd4 Bc5 5. Nxc6 Qf6 6. f4 bxc6 7. Nc3 Ne7 8.
Na4 Bb6 9. Nxb6 axb6 10. Bd3 d5 11. e5 Qh4+ 12. g3 Qh3 13. Bf1 Qe6 14. Kf2 h5
15. Be2 Qg6 16. c3 Bg4 17. h3 Bxe2 18. Qxe2 Nf5 19. Qd3 h4 20. g4 Ng3 21. Rd1
Qxd3 22. Rxd3 Ne4+ 23. Kg2 Nc5 24. Rd1 Nb3 25. Rb1 Rxa2 26. f5 Kd7 27. Bf4 Ra4
28. Kf3 b5 29. Re1 Re8 30. Bg5 Nc5 31. Rbd1 Ne4 32. Bf4 Kc8 33. Rd4 Ra2 34. Re2
Ra1 35. Rdxe4 dxe4+ 36. Kxe4 Rd8 37. Bg5 Re8 38. Re3 f6 39. Bf4 fxe5 40. Bxe5
Rd1 41. Kf4 Re7 42. Kg5 Rd5 43. Bf4 Rxe3 44. Bxe3 Rd3 45. Bf2 Rxh3 46. Bxh4 Kd7
47. Bf2 Rh2 48. Bd4 Rxb2 49. Kg6 b4 50. g5 b3 51. c4 Rc2 52. Kxg7 Rxc4 53. Ba1
Rc1 54. Bd4 Rc4 55. Ba1 Rc5 56. Kg6 Rc1 57. Be5 Re1 58. Bc3 Rc1 59. Bd4 0-1

[Event "Skakliga 2007-08"]
[Site "Denmark"]
[Date "2008.01.13"]
[Round "5.4"]
[White "Vaznonis, Vytautas"]
[Black "Ejsing, Esben"]
[Result "1-0"]
[WhiteElo "2384"]
[BlackElo "2244"]
[PlyCount "87"]
[EventDate "2007.11.10"]
[EventType "team-tourn"]
[EventRounds "9"]
[EventCountry "DEN"]
[Source "ChessBase"]
[SourceDate "2003.11.25"]
[WhiteTeam "Helsinge"]
[BlackTeam "Nordkalotten"]
[WhiteTeamCountry "DEN"]
[BlackTeamCountry "DEN"]

1. d4 Nf6 2. c4 e6 3. Nc3 Bb4 4. Qc2 c5 5. dxc5 Bxc5 6. Nf3 Nc6 7. Bf4 O-O 8.
e4 d5 9. O-O-O Qa5 10. cxd5 exd5 11. exd5 Nb4 12. Qb3 Bf5 13. a3 Rac8 14. Ne5
Nfxd5 15. Nc4 Nxc3 16. bxc3 Qa6 17. cxb4 Bxf2 18. Rd6 Qb5 19. Kb2 Be6 20. Ne5
Qe8 21. Qf3 Bh4 22. Bd3 Bf6 23. Qxb7 Qa4 24. Rxe6 fxe6 25. Qe4 g6 26. Bc4 Kh8
27. Ka2 a5 28. Bb3 Qe8 29. bxa5 Rc5 30. Nc4 Bg7 31. Be3 Rb5 32. Nd6 Rxb3 33.
Kxb3 Qd7 34. Bc5 Qc7 35. Bb4 Rb8 36. Qd3 Qxa5 37. Rc1 Qa7 38. Nc8 Qa5 39. Qd7
Bf8 40. Qd4+ e5 41. Qe4 Qb5 42. Rc4 Qe8 43. Qc6 Qf7 44. Qc7 1-0

[Event "Skakliga 2007-08"]
[Site "Denmark"]
[Date "2008.01.13"]
[Round "5.5"]
[White "Jakobsen, Peter"]
[Black "Bekker Jensen, Simon"]
[Result "0-1"]
[WhiteElo "2215"]
[BlackElo "2389"]
[PlyCount "78"]
[EventDate "2007.11.10"]
[EventType "team-tourn"]
[EventRounds "9"]
[EventCountry "DEN"]
[Source "ChessBase"]
[SourceDate "2003.11.25"]
[WhiteTeam "Nordkalotten"]
[BlackTeam "Helsinge"]
[WhiteTeamCountry "DEN"]
[BlackTeamCountry "DEN"]

1. c4 Nf6 2. g3 g6 3. Bg2 Bg7 4. Nc3 O-O 5. e4 d6 6. Nge2 c5 7. O-O Nc6 8. d3
a6 9. h3 Rb8 10. a4 Ne8 11. Be3 Nd4 12. Rb1 Nc7 13. b4 Nce6 14. bxc5 Nxe2+ 15.
Nxe2 dxc5 16. f4 Bd7 17. f5 Nd4 18. Bf4 Bxa4 19. Qd2 Bc2 20. Bxb8 Bxb1 21. Rxb1
Qxb8 22. Nf4 Be5 23. Kh1 b5 24. cxb5 axb5 25. Rf1 Qd6 26. h4 b4 27. Bh3 b3 28.
Nd5 b2 29. Rb1 Nb3 30. Qc2 Nc1 31. Rxb2 Bxb2 32. Qxb2 Nxd3 33. Qc3 Nf2+ 34. Kg2
Nxe4 35. Qd3 Nf6 36. Nxf6+ Qxf6 37. Qd5 Qb2+ 38. Kg1 Qd4+ 39. Qxd4 cxd4 0-1

[Event "Skakliga 2007-08"]
[Site "Denmark"]
[Date "2008.01.13"]
[Round "5.6"]
[White "Nilssen, John Arni"]
[Black "Nielsen, Lars Aaes"]
[Result "1/2-1/2"]
[WhiteElo "2355"]
[BlackElo "2201"]
[PlyCount "79"]
[EventDate "2007.11.10"]
[EventType "team-tourn"]
[EventRounds "9"]
[EventCountry "DEN"]
[Source "ChessBase"]
[SourceDate "2003.11.25"]
[WhiteTeam "Helsinge"]
[BlackTeam "Nordkalotten"]
[WhiteTeamCountry "DEN"]
[BlackTeamCountry "DEN"]

1. d4 e6 2. c4 Bb4+ 3. Nc3 b6 4. Nf3 Bb7 5. Bg5 f6 6. Bh4 Nh6 7. Bg3 Nf5 8. Qd3
d5 9. cxd5 Qxd5 10. a3 Bxc3+ 11. Qxc3 O-O 12. e3 Ba6 13. Bd3 Bxd3 14. Qxd3 Nd6
15. Qc2 Na6 16. O-O Rfd8 17. Rac1 Rac8 18. Qa4 Qb7 19. Rc6 Nb8 20. Rc2 Ne4 21.
Rfc1 c5 22. dxc5 Rxc5 23. Bxb8 Rxb8 24. Rxc5 Nxc5 25. Qc4 Rd8 26. b4 Qe4 27.
Nd4 Nd3 28. Qxe6+ Qxe6 29. Nxe6 Re8 30. Rc6 Ne5 31. Nc7 Rd8 32. Rc1 Rd3 33. Nb5
a6 34. Nc3 Nc4 35. a4 Nd2 36. h3 Nb3 37. Rc2 Na1 38. Rc1 Nb3 39. Rc2 Na1 40.
Rc1 1/2-1/2

[Event "Skakliga 2007-08"]
[Site "Denmark"]
[Date "2008.01.13"]
[Round "5.7"]
[White "Koch, Soren Andreas"]
[Black "Bekker Jensen, David"]
[Result "1-0"]
[WhiteElo "2094"]
[BlackElo "2320"]
[PlyCount "65"]
[EventDate "2007.11.10"]
[EventType "team-tourn"]
[EventRounds "9"]
[EventCountry "DEN"]
[Source "ChessBase"]
[SourceDate "2003.11.25"]
[WhiteTeam "Nordkalotten"]
[BlackTeam "Helsinge"]
[WhiteTeamCountry "DEN"]
[BlackTeamCountry "DEN"]

1. d4 d5 2. Nf3 Nf6 3. c4 c6 4. e3 a6 5. Nc3 e6 6. a3 Bd6 7. Bd3 O-O 8. e4 dxe4
9. Nxe4 Nxe4 10. Bxe4 Nd7 11. O-O f5 12. Bc2 h6 13. Re1 Re8 14. b3 b6 15. Bb2
Bb7 16. Qd3 Qc7 17. Re2 a5 18. Rae1 Nf8 19. Qc3 c5 20. d5 Re7 21. Bxf5 Rae8 22.
dxe6 Bxf3 23. Qxf3 Bxh2+ 24. Kf1 Bd6 25. Be4 Rd8 26. Qf5 Qc8 27. Bd5 Bb8 28.
Re4 Nh7 29. Rg4 Ng5 30. Rxg5 hxg5 31. Qxg5 Rde8 32. Qg6 Qc7 33. Qf7+ 1-0

[Event "Skakliga 2007-08"]
[Site "Denmark"]
[Date "2008.01.13"]
[Round "5.8"]
[White "Andersson, Bjorn"]
[Black "Andersen, Peter Vestergaard"]
[Result "1-0"]
[WhiteElo "2280"]
[BlackElo "1913"]
[PlyCount "95"]
[EventDate "2007.11.10"]
[EventType "team-tourn"]
[EventRounds "9"]
[EventCountry "DEN"]
[Source "ChessBase"]
[SourceDate "2003.11.25"]
[WhiteTeam "Helsinge"]
[BlackTeam "Nordkalotten"]
[WhiteTeamCountry "DEN"]
[BlackTeamCountry "DEN"]

1. e4 e6 2. d4 d5 3. e5 c5 4. c3 Nc6 5. Nf3 Bd7 6. a3 c4 7. Be2 Qc7 8. O-O Na5
9. Nbd2 Ne7 10. Rb1 Nc8 11. Ne1 Nb6 12. Bg4 Ba4 13. Qe2 O-O-O 14. f4 g6 15.
Ndf3 h5 16. Bh3 Bh6 17. Ng5 Rde8 18. Be3 Kb8 19. Bf2 Nc8 20. Bh4 a6 21. g3 Nc6
22. Ng2 Nd8 23. Ne3 Ne7 24. Nxf7 Nxf7 25. Bxe6 Nd8 26. Bxe7 Qxe7 27. Bxd5 h4
28. g4 Ref8 29. g5 Bg7 30. Be4 Ne6 31. Nd5 Qd8 32. Nf6 Bxf6 33. gxf6 Bb5 34. d5
Nc5 35. h3 Nxe4 36. Qxe4 Rhg8 37. Kh2 Qe8 38. e6 Rh8 39. Rg1 Rh6 40. Qe5+ Ka8
41. Rbe1 Rh5 42. Rg5 Rxg5 43. fxg5 Qc8 44. e7 Re8 45. f7 Qc5 46. Rf1 Qxe7 47.
fxe8=Q+ Qxe8 48. Qxe8+ 1-0

[Event "Skakliga 2007-08"]
[Site "Denmark"]
[Date "2008.01.13"]
[Round "5.1"]
[White "Skytte, Rasmus"]
[Black "Hansen, Sune Berg"]
[Result "1/2-1/2"]
[WhiteElo "2409"]
[BlackElo "2567"]
[PlyCount "36"]
[EventDate "2007.11.10"]
[EventType "team-tourn"]
[EventRounds "9"]
[EventCountry "DEN"]
[Source "ChessBase"]
[SourceDate "2003.11.25"]
[WhiteTeam "Aarhus/Skolerne"]
[BlackTeam "Helsingor"]
[WhiteTeamCountry "DEN"]
[BlackTeamCountry "DEN"]

1. c4 c6 2. d4 d5 3. Nf3 Nf6 4. Nc3 a6 5. cxd5 cxd5 6. Bg5 Nc6 7. e3 Bg4 8.
Bxf6 gxf6 9. Be2 e6 10. Nd2 Bf5 11. Nb3 Bd6 12. O-O h5 13. f4 h4 14. Rf2 Qe7
15. Rc1 Rc8 16. a3 Kf8 17. Na4 Kg7 18. Nac5 Bg6 1/2-1/2

[Event "Skakliga 2007-08"]
[Site "Denmark"]
[Date "2008.01.13"]
[Round "5.2"]
[White "Mortensen, Erling"]
[Black "Sorensen, Jan"]
[Result "1/2-1/2"]
[WhiteElo "2456"]
[BlackElo "2423"]
[PlyCount "69"]
[EventDate "2007.11.10"]
[EventType "team-tourn"]
[EventRounds "9"]
[EventCountry "DEN"]
[Source "ChessBase"]
[SourceDate "2003.11.25"]
[WhiteTeam "Helsingor"]
[BlackTeam "Aarhus/Skolerne"]
[WhiteTeamCountry "DEN"]
[BlackTeamCountry "DEN"]

1. e4 e6 2. Nf3 d5 3. e5 c5 4. b4 cxb4 5. a3 Qa5 6. Bb2 Nc6 7. Bd3 Qb6 8. O-O
Bd7 9. axb4 Nxb4 10. Be2 Rc8 11. Bd4 Bc5 12. Bxc5 Qxc5 13. c3 Nc6 14. d4 Qb6
15. Na3 Na5 16. Rb1 Qc7 17. Nb5 Bxb5 18. Bxb5+ Kf8 19. Qa4 Ne7 20. Bd7 Ra8 21.
Bxe6 fxe6 22. Ng5 Kg8 23. Nxe6 Qc6 24. Qxa5 b6 25. Nd8 Qc8 26. Qa2 Qxd8 27. f4
Qd7 28. Rxb6 axb6 29. Qxa8+ Qc8 30. Qa7 Kf7 31. f5 Qb8 32. Qd7 Qc8 33. Qa7 Qb8
34. Qd7 Qc8 35. Qa7 1/2-1/2

[Event "Skakliga 2007-08"]
[Site "Denmark"]
[Date "2008.01.13"]
[Round "5.3"]
[White "Rasmussen, Casper Dahl"]
[Black "Jorgensen, Michael"]
[Result "1-0"]
[WhiteElo "2368"]
[BlackElo "2217"]
[PlyCount "124"]
[EventDate "2007.11.10"]
[EventType "team-tourn"]
[EventRounds "9"]
[EventCountry "DEN"]
[Source "ChessBase"]
[SourceDate "2003.11.25"]
[WhiteTeam "Aarhus/Skolerne"]
[BlackTeam "Helsingor"]
[WhiteTeamCountry "DEN"]
[BlackTeamCountry "DEN"]

1. Nf3 f5 2. c4 Nf6 3. g3 g6 4. Bg2 Bg7 5. O-O O-O 6. d4 d6 7. Nc3 c6 8. b4 Nh5
9. Qb3 Kh8 10. Rd1 Qe8 11. d5 cxd5 12. cxd5 a5 13. b5 Nd7 14. Ba3 Qd8 15. Ng5
Ne5 16. e3 f4 17. gxf4 Nxf4 18. exf4 Rxf4 19. Ne2 a4 20. Qg3 Rg4 21. Qxe5 Qf8
22. Qe3 Bxa1 23. h3 Rxg5 24. Qxg5 Bf6 25. Qe3 Bd7 26. Nd4 Rc8 27. Rc1 Rxc1+ 28.
Bxc1 Qc8 29. Nc6 Qf8 30. Qb6 Qc8 31. Qd8+ Qxd8 32. Nxd8 Bxb5 33. Nxb7 Bc4 34.
a3 Bc3 35. Nd8 Kg7 36. Nc6 Kf6 37. Be4 e6 38. dxe6 d5 39. Bc2 Bb3 40. Bb1 Kxe6
41. Kg2 Kd6 42. Nb4 Kc5 43. Nd3+ Kc4 44. Kf3 Kd4 45. Ke2 Bc4 46. Be3+ Ke4 47.
f3+ Kf5 48. Kd1 Bb5 49. Bc2 Bg7 50. Nc5+ Ke5 51. Bxa4 Bf1 52. h4 Kd6 53. Bc2 d4
54. Ne4+ Kd5 55. Bg5 d3 56. Bb3+ Kd4 57. Kd2 Ke5 58. Ke3 Bg2 59. a4 h6 60. Bf4+
Kf5 61. Nd6+ Kf6 62. Ne8+ Ke7 1-0

[Event "Skakliga 2007-08"]
[Site "Denmark"]
[Date "2008.01.13"]
[Round "5.4"]
[White "Larsen, Ole Bogh"]
[Black "Boe, Mads"]
[Result "1/2-1/2"]
[WhiteElo "2235"]
[BlackElo "2355"]
[PlyCount "31"]
[EventDate "2007.11.10"]
[EventType "team-tourn"]
[EventRounds "9"]
[EventCountry "DEN"]
[Source "ChessBase"]
[SourceDate "2003.11.25"]
[WhiteTeam "Helsingor"]
[BlackTeam "Aarhus/Skolerne"]
[WhiteTeamCountry "DEN"]
[BlackTeamCountry "DEN"]

1. d4 f5 2. e4 fxe4 3. Nc3 Nf6 4. f3 d5 5. fxe4 dxe4 6. Bg5 Bf5 7. Bc4 Nbd7 8.
Nge2 Nb6 9. Bb3 e6 10. Ng3 Be7 11. O-O Qd7 12. a4 a5 13. d5 O-O-O 14. dxe6 Bxe6
15. Qxd7+ Bxd7 16. Ngxe4 1/2-1/2

[Event "Skakliga 2007-08"]
[Site "Denmark"]
[Date "2008.01.13"]
[Round "5.5"]
[White "Hagen, Andreas Skytte"]
[Black "Fagerstrom, Bjorn"]
[Result "1/2-1/2"]
[WhiteElo "2296"]
[BlackElo "2159"]
[PlyCount "41"]
[EventDate "2007.11.10"]
[EventType "team-tourn"]
[EventRounds "9"]
[EventCountry "DEN"]
[Source "ChessBase"]
[SourceDate "2003.11.25"]
[WhiteTeam "Aarhus/Skolerne"]
[BlackTeam "Helsingor"]
[WhiteTeamCountry "DEN"]
[BlackTeamCountry "DEN"]

1. Nf3 d5 2. d4 Nf6 3. c4 c6 4. Nc3 dxc4 5. a4 Bf5 6. Nh4 Bg6 7. Nxg6 hxg6 8.
e4 e6 9. Bxc4 Bb4 10. Qd3 Nbd7 11. O-O Qa5 12. e5 Nd5 13. Nxd5 cxd5 14. Bb5 a6
15. Bxd7+ Kxd7 16. Qf3 Rhf8 17. Bg5 Rac8 18. Qh3 Rh8 19. Qf3 Rhf8 20. Qh3 Rh8
21. Qf3 1/2-1/2

[Event "Skakliga 2007-08"]
[Site "Denmark"]
[Date "2008.01.13"]
[Round "5.6"]
[White "Dalsberg, Sandra de Blecourt"]
[Black "Jacobsen, Bo"]
[Result "1-0"]
[WhiteElo "2052"]
[BlackElo "2317"]
[PlyCount "61"]
[EventDate "2007.11.10"]
[EventType "team-tourn"]
[EventRounds "9"]
[EventCountry "DEN"]
[Source "ChessBase"]
[SourceDate "2003.11.25"]
[WhiteTeam "Helsingor"]
[BlackTeam "Aarhus/Skolerne"]
[WhiteTeamCountry "DEN"]
[BlackTeamCountry "DEN"]

1. d4 Nf6 2. c4 c5 3. d5 e5 4. Nc3 d6 5. e4 Nbd7 6. Bd3 Be7 7. Nge2 h5 8. f3 h4
9. Be3 a6 10. Qd2 Nh7 11. O-O-O Bg5 12. g3 Bxe3 13. Qxe3 Rb8 14. gxh4 Qxh4 15.
Rdg1 g6 16. Rg4 Qe7 17. h4 Nhf6 18. Rgg1 Nh5 19. f4 exf4 20. Nxf4 Ne5 21. Be2
Kd8 22. Rg5 Nf6 23. Qg1 b5 24. Rxe5 Qxe5 25. Nd3 Qd4 26. Qg3 Kc7 27. e5 Bf5 28.
exd6+ Kb7 29. cxb5 Ne4 30. Nxe4 Qxe4 31. Nxc5+ 1-0

[Event "Skakliga 2007-08"]
[Site "Denmark"]
[Date "2008.01.13"]
[Round "5.7"]
[White "Pedersen, Finn"]
[Black "Jensen, Ib"]
[Result "1-0"]
[WhiteElo "2262"]
[BlackElo "1930"]
[PlyCount "81"]
[EventDate "2007.11.10"]
[EventType "team-tourn"]
[EventRounds "9"]
[EventCountry "DEN"]
[Source "ChessBase"]
[SourceDate "2003.11.25"]
[WhiteTeam "Aarhus/Skolerne"]
[BlackTeam "Helsingor"]
[WhiteTeamCountry "DEN"]
[BlackTeamCountry "DEN"]

1. e4 Nc6 2. Nf3 d5 3. exd5 Qxd5 4. Nc3 Qa5 5. Bb5 a6 6. Bxc6+ bxc6 7. h3 Nf6
8. O-O e6 9. d4 Qh5 10. Bf4 Bd6 11. Be5 Nd7 12. Re1 O-O 13. Qd2 f6 14. Bh2 e5
15. Ne4 Nb6 16. Nxd6 cxd6 17. Qb4 Nd5 18. Qxd6 Bxh3 19. Qxc6 Rad8 20. Bg3 Bg4
21. Nh2 Nf4 22. Bxf4 exf4 23. Nxg4 Qxg4 24. Qe6+ Qxe6 25. Rxe6 Rxd4 26. Rxa6
Rd2 27. Rc6 Re8 28. a4 Ree2 29. Rf1 Rxc2 30. Rxc2 Rxc2 31. Rb1 Kf7 32. a5 Ke7
33. a6 Kd7 34. Ra1 Rc8 35. Rd1+ Ke6 36. b4 Ra8 37. b5 g5 38. Ra1 Kd7 39. b6 Kc6
40. b7 Re8 41. Rb1 1-0